West Friesland Trivia Quiz - Statistieken

Algemene statistieken
  • Deze quiz is 40 keer genomen
  • De gemiddelde score is 4 van 12
Antwoordstatistieken
Hint Antwoord % Correct
Grootste Stad Hoorn
90%
Taal West Fries
81%
Dorp beginnend met H Hoogkarspel
32%
Band die bekend staan om de nummers Bloemkôle en Bier en Zwere Sjek Oôs Joôs
32%
Gemeente waar het dorp Venhuizen in ligt Drechterland
29%
West-Fries woord voor mooi Skoftig
29%
Groot internationaal bedrijf opgericht in Zwaagdijk Action
26%
Schaatser wonend in West-Friesland Irene Schouten
26%
Voetbalclub die is ontstaan door het samenvoegen van 2 clubs SV Enkhuizen
10%
Uit welke 2 clubs bestaat deze club DinduaWest Frisia
6%
Leukste kroeg van West Friesland Café de Paus
3%
Volkslied Dut is ut land
0%
Geen overeenkomende quizzen gevonden
Scoreverdeling
Procent van Mensen met Elke Score
Percentiel versus Aantal Correcte Antwoorden
Uw Scoregeschiedenis
U heeft deze quiz nog niet genomen